00666nam a2200181Ia 4500952015400000999001700154003000400171005001700175008004100192040000900233082002300242100002700265245006700292260004200359300000900401650002200410942005200432 00102ddc40708POLITICAL SCIENCEaMESbMEScPOLd2019-02-20l2m4o320.9174927 SHA/Np3150r2020-10-01 00:00:00s2020-09-09w2019-02-20yBKzGL10R2 c18791d18791OSt20200709130540.0190216s9999||||xx |||||||||||||| ||und|| coclc a320.9174927bSHA/N aSharabi, Hisham 93698 0aNationalism And Revolution In The Arab World /cHisham Sharabi bD -van Nostrand Co.,c1966.aToronto: a176p aPolitical Science cBK2ddch320.9174927iSHA/Nk320.9174927mSHA/N